Statistieken voor Venezuela Trivia Quiz

Klik hier om de quiz te nemen!

Algemene statistieken

  • Deze quiz is 248 keer genomen
  • De gemiddelde score is 13 van 19

Antwoordstatistieken

HintAntwoord% Correct
Officiële taalSpaans
96%
Landen die aan Venezuela grenzenColombia
94%
Landen die aan Venezuela grenzenBrazilië
93%
Landen die aan Venezuela grenzenGuyana
92%
HoofdstadCaracas
91%
Zee waar Venezuela aan ligtCaribische zee
86%
Venezuela heeft meer bewezen reserves hiervan dan elk ander landOlie
86%
In 2018 bereikte dit economische cijfer 1.000.000%Inflatie
74%
Het wordt gezegd dat Americo Vespucci Venezuela heeft vernoemd naar deze Europese stadVenetië
68%
Onafhankelijkheidsleider naar wie de valuta is genoemdSimón Bolívar
63%
Meest populaire sportHonkbal
59%
De hoogste waterval ter wereld{Ángel}waterval
54%
President van Venezuela, 2013–Nicolás Maduro
52%
President van Venezuela, 1999–2012Hugo Chávez
49%
Eiland in die zee die zijn naam deelt met een populaire cocktailIsla {Margarita}
49%
Animatiefilm van Pixar met die bergenUp
44%
Het wordt soms het grootste meer van Zuid-Amerika genoemd, maar wordt vaker beschouwd als een oceaanbaaiMeer van {Maracaibo}
40%
Langste rivierOrinoco
36%
'T'-woord dat verwijst naar de tafelbergen in het zuidoosten van VenezuelaTepui
29%

Scoreverdeling

Percentiel versus Aantal Correcte Antwoorden

Procent van Mensen met Elke Score

Uw Scoregeschiedenis

U heeft deze quiz nog niet genomen